书目信息 |
| 题名: |
国有资产管理与评估
|
|
| 作者: | 肖翔 编著 | |
| 分册: | ||
| 出版信息: | 北京 中华工商联合出版社 2000.01 |
|
| 页数: | 443页 | |
| 开本: | 32开 | |
| 丛书名: | ||
| 单 册: | ||
| 中图分类: | F20 | |
| 科图分类: | ||
| 主题词: | 国民经济--经济管理 | |
| 电子资源: | ||
| ISBN: | 7-80100-545-7 | |
| 000 | 00571nam0 2200193 45 | |
| 001 | 0008041007 | |
| 005 | 20000804101015.6 | |
| 010 | @a7-80100-545-7@d21.00元 | |
| 100 | @a20000804d2000 km y0chiy0120 ea | |
| 101 | 0 | @achi |
| 105 | @a z 000yy | |
| 200 | 1 | @a国有资产管理与评估@AGuo You Zi Chan Guan Li Yu Ping Gu@f肖翔等编著@FXiao Xiang Deng Bian Zhu |
| 210 | @a北京@c中华工商联合出版社@d2000.01 | |
| 215 | @a443页@d32开 | |
| 606 | 0 | @a国民经济@x经济管理 |
| 690 | @aF20@v3 | |
| 701 | 0 | @a肖翔@4编著 |
| 801 | @aCN@bPftUser@c20000804 | |
| 905 | @b85292-296@dF20@eX.516@f5 | |
| 国有资产管理与评估/肖翔等编著.-北京:中华工商联合出版社,2000.01 |
| 443页;32开 |
| ISBN 7-80100-545-7:21.00元 |
| ● |
| 相关链接 |
|
|
|
正题名:国有资产管理与评估
索取号:F20/X.516
 
预约/预借
| 序号 | 登录号 | 条形码 | 馆藏地/架位号 | 状态 | 备注 |
| 1 | 176102 | 201761021 | 社科二线422/409社科库 72排1列3层/ [索取号:F20/X.516] | 在馆 | |
| 2 | 176103 | 201761030 | 社科二线422/409社科库 72排1列3层/ [索取号:F20/X.516] | 在馆 | |
| 3 | 176104 | 201761049 | 社科二线422/409社科库 72排1列3层/ [索取号:F20/X.516] | 在馆 | |
| 4 | 413865 | 204138655 | 社科库409/409社科库 72排1列3层/ [索取号:F20/X.516] | 在馆 | |
| 5 | 413866 | 204138664 | 社科二线422/409社科库 72排1列3层/ [索取号:F20/X.516] | 在馆 | |
| 6 | 85292 | 200852924 | 社科库409/409社科库 72排1列3层/ [索取号:F20/X.516] | 在馆 | |
| 7 | 85293 | 200852933 | 社科二线422/422社科库 49排5列1层/ [索取号:F20/X.516] | 在馆 | |
| 8 | 85294 | 200852942 | 社科二线422/422社科库 53排5列3层/ [索取号:F20/X.516] | 在馆 | |
| 9 | 85295 | 200852951 | 社科二线422/422社科库 50排5列2层/ [索取号:F20/X.516] | 在馆 | |
| 10 | 85296 | 200852960 | 社科二线422/422社科库 50排5列2层/ [索取号:F20/X.516] | 在馆 |